Strategic alliances : An entrepreneurial approach to globalization

Looks at the benefits of business alliances, discusses actual cases, and offers advice on managing strategic alliances and networks.

Gardado en:
Detalles Bibliográficos
Autor Principal: Yoshino, M. Y.
Formato: Libro
Idioma:Undetermined
Publicado: Boston, Mass. Harvard Business School Press 1995
Những chủ đề:
Các nhãn: Engadir etiqueta
Sen Etiquetas, Sexa o primeiro en etiquetar este rexistro!
Thư viện lưu trữ: Trung tâm Học liệu Trường Đại học Cần Thơ
LEADER 00772nam a2200205Ia 4500
001 CTU_226865
008 210402s9999 xx 000 0 und d
082 |a 658 
082 |b Y65 
100 |a Yoshino, M. Y. 
245 0 |a Strategic alliances : 
245 3 |b An entrepreneurial approach to globalization 
245 0 |c Michael Y. Yoshino, U. Srinivasa Rangan 
260 |a Boston, Mass. 
260 |b Harvard Business School Press 
260 |c 1995 
520 |a Looks at the benefits of business alliances, discusses actual cases, and offers advice on managing strategic alliances and networks. 
650 |a Liên minh chiến lược (Kinh doanh),Strategic alliances (Business) 
910 |b nthai 
980 |a Trung tâm Học liệu Trường Đại học Cần Thơ